Guess The soccer players Part 1 - Statistics

General Stats
  • This quiz has been taken 90 times
  • The average score is 11 of 12
Answer Stats
Picture Answer % Correct
Messi
100%
Neymar
100%
Ronaldo
100%
Haaland
96%
Salah
95%
Suarez
95%
Benzema
94%
Lewandowski
94%
Ibrahimovic
91%
Kante
86%
De bruyne
84%
Neuer
84%
No matching quizzes found
Score Distribution
Percent of People with Each Score
Percentile by Number Answered
Your Score History
You have not taken this quiz